[Event "KOS-chT2"]
[Site "Pristina"]
[Date "2023.05.28"]
[Round "4"]
[White "Qorrolli, Qemajl"]
[Black "Morina, Shqipron"]
[Result "0-1"]
[WhiteElo "1956"]
[BlackElo "1997"]
[PlyCount "60"]
[EventDate "2023.05.27"]
[EventType "team-swiss"]
[EventRounds "7"]
[EventCountry "KOS"]
[SourceTitle "CBM 214 Extra"]
[Source "ChessBase"]
[SourceDate "2023.07.31"]
[SourceVersion "1"]
[SourceVersionDate "2023.07.31"]
[SourceQuality "1"]
[WhiteTeam "Ferizaji II"]
[BlackTeam "Drenasi"]
[WhiteTeamCountry "KOS"]
[BlackTeamCountry "KOS"]

1. e4 c5 2. Nf3 d6 3. d4 cxd4 4. Nxd4 e6 5. Nc3 Nf6 6. Be3 Be7 7. f3 h5 8. Qd2 a6 9. 0-0-0 b5 10. Kb1 Bd7 11. Bd3 b4 12. Nce2 e5 13. Nf5 Bxf5 14. exf5 d5 15. g3 Qc7 16. h3 e4 17. Bf4 Qc8 18. Bxb8 Rxb8 19. g4 exd3 20. Qxd3 Qc4 21. Qe3 Rc8 22. Rc1 hxg4 23. hxg4 Rxh1 24. Rxh1 Qxc2+ 25. Ka1 Qc5 26. Nd4 Kd7 27. Qd2 a5 28. Nb3 Qc2 29. Qd4 Bc5 30. Qf4 a4 0-1

[Event "KOS CupT"]
[Site "Pristina"]
[Date "2017.12.10"]
[Round "7.1"]
[White "Rama, Rame"]
[Black "Qorrolli, Qemajl"]
[Result "1-0"]
[WhiteElo "1975"]
[BlackElo "1944"]
[PlyCount "71"]
[EventDate "2017.11.11"]
[EventType "team-tourn"]
[EventRounds "7"]
[EventCountry "KOS"]
[SourceTitle "EXT 2019"]
[Source "ChessBase"]
[SourceDate "2018.10.10"]
[SourceVersion "1"]
[SourceVersionDate "2018.10.10"]
[SourceQuality "1"]
[WhiteTeam "Kosovo"]
[BlackTeam "Ferizaji"]
[WhiteTeamCountry "KOS"]
[BlackTeamCountry "KOS"]

1. d4 d5 2. Nf3 e6 3. g3 Nf6 4. Bg2 c5 5. 0-0 cxd4 6. Nxd4 Qb6 7. c4 Nc6 8. Nxc6 bxc6 9. cxd5 cxd5 10. b3 Be7 11. Bb2 a5 12. Nc3 Bb7 13. Qd2 0-0 14. Na4 Qb5 15. Rac1 Rfc8 16. Bd4 Nd7 17. Rfd1 Rxc1 18. Rxc1 Rc8 19. Rxc8+ Bxc8 20. Bxg7 Kxg7 21. Qc3+ Nf6 22. Qxc8 Qxe2 23. Qc7 Ng4 24. Qf4 e5 25. Qf5 d4 26. Bf1 Qd1 27. h3 Nh6 28. Qxe5+ Bf6 29. Qe4 Ng8 30. Nc5 Ne7 31. Kg2 Ng6 32. Nd7 Qd2 33. Bc4 Be7 34. h4 h5 35. Qf5 Nh8 36. Qe5+ 1-0

[Event "KOS CupT"]
[Site "Pristina"]
[Date "2017.12.02"]
[Round "6.4"]
[White "Sherifi, Shemsedin"]
[Black "Qorrolli, Qemajl"]
[Result "0-1"]
[WhiteElo "1982"]
[BlackElo "1944"]
[PlyCount "82"]
[EventDate "2017.11.11"]
[EventType "team-tourn"]
[EventRounds "7"]
[EventCountry "KOS"]
[SourceTitle "EXT 2019"]
[Source "ChessBase"]
[SourceDate "2018.10.10"]
[SourceVersion "1"]
[SourceVersionDate "2018.10.10"]
[SourceQuality "1"]
[WhiteTeam "Fushe Kosova"]
[BlackTeam "Ferizaji"]
[WhiteTeamCountry "KOS"]
[BlackTeamCountry "KOS"]

1. d4 d5 2. c4 e6 3. Nf3 Nf6 4. Bg5 b6 5. e3 Be7 6. Bd3 Bb7 7. Nc3 Ne4 8. Bxe7 Qxe7 9. Bxe4 dxe4 10. Ne5 0-0 11. h3 c5 12. 0-0 f6 13. Ng4 Rd8 14. Ne2 Nc6 15. a3 cxd4 16. exd4 Nxd4 17. Nxd4 e5 18. Nf5 Qe6 19. Qb3 Rd3 20. Qb5 Qxf5 21. c5 Qe6 22. Rac1 Rb3 23. Qe2 f5 24. c6 Bxc6 25. Nxe5 Bb5 26. Qc2 Bxf1 27. Kxf1 Rb5 28. f4 exf3 29. Nxf3 Rc5 30. Qd2 Rxc1+ 31. Qxc1 Rc8 32. Qg5 h6 33. Qh5 Qe3 34. Ne1 Rc1 35. Qe2 Qxe2+ 36. Kxe2 Kf7 37. Kd2 Rxe1 38. Kxe1 g5 39. Kf2 Ke6 40. Kf3 Kd5 41. h4 Kc4 0-1